[Event "Lovsprings op 09th C"]
[Site "Ringsted"]
[Date "1997.04.11"]
[Round "4"]
[White "Paustian, Dennis"]
[Black "Hansen, Henning"]
[Result "1-0"]
[WhiteElo "1535"]
[BlackElo "1590"]
[PlyCount "81"]
[EventDate "1997.03.14"]
[EventType "swiss"]
[EventRounds "7"]
[EventCountry "DEN"]
[SourceTitle "EXT 2023"]
[Source "ChessBase"]
[SourceDate "2022.10.05"]
[SourceVersion "1"]
[SourceVersionDate "2022.10.05"]
[SourceQuality "1"]

1. Nf3 c5 2. e4 e6 3. d4 cxd4 4. Nxd4 Nc6 5. Bc4 a6 6. 0-0 Qc7 7. Bb3 Nf6 8. Re1 Nxd4 9. Qxd4 Bc5 10. Qd1 0-0 11. e5 Ne8 12. Qg4 d6 13. Bf4 dxe5 14. Bxe5 Qb6 15. Qg3 Bd7 16. Nc3 Be7 17. Ne4 f6 18. Bf4 Kh8 19. Rad1 Rd8 20. Nd6 g5 21. Nxe8 Bxe8 22. Bc7 Rxd1 23. Rxd1 Qb5 24. Bd6 Qe2 25. Qd3 Qxd3 26. Rxd3 Bxd6 27. Rxd6 Bf7 28. Kf1 e5 29. Rd7 Bxb3 30. axb3 Rc8 31. c3 Kg8 32. Rxb7 Rc6 33. Ke2 h5 34. h3 Kf8 35. g3 Ke8 36. Rh7 Rb6 37. b4 a5 38. bxa5 Rxb2+ 39. Kd3 Rxf2 40. a6 Rf3+ 41. Kc4 1-0

[Event "Lovsprings op 08th C"]
[Site "Ringsted"]
[Date "1996.04.12"]
[Round "5"]
[White "Paustian, Dennis"]
[Black "Jorgensen, Morten"]
[Result "1-0"]
[WhiteElo "1517"]
[BlackElo "1461"]
[PlyCount "71"]
[EventDate "1996.03.08"]
[EventType "swiss"]
[EventRounds "7"]
[EventCountry "DEN"]
[SourceTitle "EXT 2023"]
[Source "ChessBase"]
[SourceDate "2022.10.05"]
[SourceVersion "1"]
[SourceVersionDate "2022.10.05"]
[SourceQuality "1"]

1. e4 c5 2. Nf3 d6 3. d4 cxd4 4. Nxd4 Nf6 5. Nc3 g6 6. Be3 Bg7 7. f3 a6 8. Qd2 0-0 9. 0-0-0 Qc7 10. g4 e6 11. h4 b5 12. a3 Bb7 13. h5 d5 14. e5 Nfd7 15. f4 Re8 16. hxg6 fxg6 17. Qh2 Nf8 18. Bd3 Nc6 19. Nxc6 Bxc6 20. Bd4 Qf7 21. Rdf1 Rad8 22. Ne2 h6 23. Ng3 Bd7 24. f5 exf5 25. gxf5 gxf5 26. Nxf5 Bxf5 27. Rxf5 Qe7 28. Qg3 Ne6 29. Be3 Qc7 30. Bxh6 Nd4 31. Rg5 Ne6 32. Bh7+ Kh8 33. Bxg7+ Nxg7 34. Bg6+ Kg8 35. Qh4 Kf8 36. Qh8+ 1-0

[Event "Lovsprings op 08th C"]
[Site "Ringsted"]
[Date "1996.03.22"]
[Round "3"]
[White "Paustian, Dennis"]
[Black "Jensen, Dan Bronnum"]
[Result "0-1"]
[WhiteElo "1517"]
[BlackElo "1492"]
[PlyCount "120"]
[EventDate "1996.03.08"]
[EventType "swiss"]
[EventRounds "7"]
[EventCountry "DEN"]
[SourceTitle "EXT 2023"]
[Source "ChessBase"]
[SourceDate "2022.10.05"]
[SourceVersion "1"]
[SourceVersionDate "2022.10.05"]
[SourceQuality "1"]

1. Nf3 c5 2. e4 Nc6 3. d4 cxd4 4. Nxd4 Nf6 5. Nc3 e6 6. a3 Qa5 7. Nb3 Qd8 8. Bd3 Be7 9. 0-0 0-0 10. Be3 d5 11. exd5 Nxd5 12. Nxd5 Qxd5 13. Qe2 Qd8 14. Rad1 Qc7 15. Nd4 Nxd4 16. Bxd4 Bd6 17. Qh5 f5 18. Rfe1 e5 19. Bc3 Rf6 20. Qe8+ Rf8 21. Qh5 Bd7 22. g4 Be8 23. Qg5 h6 24. Qh4 e4 25. Bf1 Be7 26. Qh3 Bg6 27. gxf5 Rxf5 28. Bg2 Bc5 29. Rf1 Raf8 30. Bxe4 Rg5+ 31. Bg2 Bf5 32. Qf3 Kh8 33. Rd2 Bd7 34. Rxd7 Qxd7 35. Qd3 Qg4 36. Qg3 Qxg3 37. hxg3 Rxg3 38. Kh2 Rg5 39. f4 Rh5+ 40. Kg3 Rhf5 41. Bxb7 Bd6 42. Bd2 Rb5 43. Be4 Rxb2 44. a4 Ra2 45. a5 Ra4 46. Bg6 Bc7 47. Kg4 Bxa5 48. Be3 Bb6 49. Bd2 Rf6 50. Kh5 Rd4 51. Re1 Rf8 52. Re2 Bc7 53. Be3 Rd5+ 54. f5 Re5 55. Kg4 Bb6 56. Kf3 Bxe3 57. Rxe3 Rxe3+ 58. Kxe3 Rc8 59. Kd3 Kg8 60. c4 Kf8 0-1

[Event "Lovsprings op 08th C"]
[Site "Ringsted"]
[Date "1996.03.08"]
[Round "1"]
[White "Paustian, Dennis"]
[Black "Kristensen, Benny"]
[Result "1/2-1/2"]
[WhiteElo "1517"]
[BlackElo "1523"]
[PlyCount "39"]
[EventDate "1996.03.08"]
[EventType "swiss"]
[EventRounds "7"]
[EventCountry "DEN"]
[SourceTitle "EXT 2023"]
[Source "ChessBase"]
[SourceDate "2022.10.05"]
[SourceVersion "1"]
[SourceVersionDate "2022.10.05"]
[SourceQuality "1"]

1. e4 c5 2. Nf3 d6 3. d4 cxd4 4. Nxd4 Nf6 5. Nc3 a6 6. Bg5 e6 7. Bd3 Be7 8. 0-0 0-0 9. a3 Nbd7 10. b4 Qc7 11. Nce2 b5 12. Ng3 Bb7 13. Qe2 Rac8 14. Rfc1 Ne5 15. Nf3 Nxf3+ 16. Qxf3 d5 17. exd5 Nxd5 18. Bxe7 Qxe7 19. Qg4 Nf6 20. Qe2 1/2-1/2

[Event "Lovsprings op 07th D"]
[Site "Ringsted"]
[Date "1995.03.31"]
[Round "4"]
[White "Paustian, Dennis"]
[Black "Larsen, Ole"]
[Result "1/2-1/2"]
[WhiteElo "1526"]
[BlackElo "1387"]
[PlyCount "67"]
[EventDate "1995.03.10"]
[EventType "swiss"]
[EventRounds "7"]
[EventCountry "DEN"]
[SourceTitle "EXT 2023"]
[Source "ChessBase"]
[SourceDate "2022.10.05"]
[SourceVersion "1"]
[SourceVersionDate "2022.10.05"]
[SourceQuality "1"]

1. e4 c5 2. Nf3 Nc6 3. d4 cxd4 4. Nxd4 e5 5. Nb5 a6 6. Nd6+ Bxd6 7. Qxd6 Qf6 8. Qd1 Qe7 9. Nc3 Nd4 10. Nd5 Qd8 11. c3 Ne6 12. Be3 d6 13. Bb6 Qd7 14. Bc4 Ne7 15. Bb3 0-0 16. Ba4 Nc6 17. h4 f5 18. exf5 Rxf5 19. Bc2 Rf8 20. Qd3 g6 21. 0-0-0 Na7 22. Be3 Nc5 23. Qc4 Qf7 24. Bxc5 dxc5 25. Qxc5 Be6 26. Ne7+ Kg7 27. Qxe5+ Qf6 28. Qxf6+ Rxf6 29. h5 Rxf2 30. hxg6 hxg6 31. a3 Rxg2 32. Rdg1 Rxg1+ 33. Rxg1 g5 34. Be4 1/2-1/2